000 01000nam a2200277 i 4500
003 EG-ScBUE
005 20240421101455.0
008 160728s2012 nyu f b 001 0 eng d
020 _a9780230338197
040 _aEG-ScBUE
_beng
_erda
_cEG-ScBUE
_dEG-ScBUE
082 0 4 _222
_a956.054
_bBRA
100 1 _911798
_aBradley, John R.,
_d1970-
_eauthor.
245 1 0 _aAfter the Arab spring :
_bhow the Islamists hijacked the Middle East revolts /
_cJohn R. Bradley.
264 1 _aNew York ;
_aHampshire :
_bPalgrave Macmillan,
_c2012.
300 _av, 247 pages ;
_c24 cm
336 _2rdacontent
_atext
_btxt
337 _aunmediated
_2rdamedia
_bn
338 _avolume
_bnc
_2rdacarrier
504 _aIncludes bibliographical references and index.
650 7 _aRevolutions
_zMiddle East.
_2BUEsh
_940498
651 7 _2BUEsh
_922790
_aMiddle East
_xPolitics and government
_y21st century.
653 _bLLAAWW
_cJuly2016
655 _vReading book
942 _2ddc
_cBB
999 _c22053
_d22025